Dělba práce mezi informačními pracovišti soustavy VTEI v čs. zahraničním obchode současný stav a záměry

Saved in:
Bibliographic Details
Main Author: Chytilová, B.
Other Authors: Škopová, V.
Format: Book
Language:Czech
Published: Praha Výzkumný ústav pro zahraniční obchod 1981
Series:Výzkumná práce č. 190
Tags: Add Tag
No Tags, Be the first to tag this record!

MARC

LEADER 00000nam a2200000 4500
001 c125353
005 20181203150416.6
041 0 |a cze 
044 |a CZ 
245 1 0 |a Dělba práce mezi informačními pracovišti soustavy VTEI v čs. zahraničním obchode  |b současný stav a záměry  |c B. Chytilová, J. Škopová 
264 1 |a Praha  |b Výzkumný ústav pro zahraniční obchod  |c 1981 
300 |a 65 s. 
490 1 |a Výzkumná práce  |v č. 190 
830 0 |a Výzkumná práce  |v č. 190 
100 1 |a Chytilová, B. 
700 1 |a Škopová, V.